Click North American Islands on the Map - Hard - Statistics

General Stats
  • This quiz has been taken 70 times
  • The average score is 18 of 25
Answers on the Map
Answers color-coded by a green-red scale on the quiz's map according to % correct below.
 
Answer Stats
Answer % Correct
Hispaniola
87%
Vancouver Island
85%
Jamaica
83%
Puerto Rico
83%
Baffin Island
81%
Cuba
81%
Long Island
81%
Trinidad
81%
Key West
79%
Newfoundland
79%
Barbados
77%
Grenada
77%
Saint Lucia
74%
Kodiak Island
72%
Aruba
70%
Prince Edward Island
70%
Curacao
68%
Victoria Island
68%
Anticosti Island
64%
Banks Island
62%
Martinique
62%
Southampton Island
60%
Bonaire
55%
Dominica
55%
Devon Island
51%
No matching quizzes found
Score Distribution
Percent of People with Each Score
Percentile by Number Answered
Your Score History
You have not taken this quiz